[Event "Isle of Man Open"]
[Site "Douglas"]
[Date "23.10.2018"]
[Round "4.20"]
[White "Harsha, Bharathakoti"]
[Black "Howell, David W L"]
[Result "0-1"]
[WhiteTitle "IM"]
[BlackTitle "GM"]
[WhiteElo "2492"]
[BlackElo "2689"]
[WhiteFideId "5078776"]
[BlackFideId "410608"]
[EventDate "2018.10.20"]

1. c4 c5 2. Nf3 Nf6 3. Nc3 Nc6 4. d4 cxd4 5. Nxd4 e6 6. a3 Bc5 7. Nb3 Bb6 8. c5
Bc7 9. Bg5 h6 10. Bh4 Be5 11. Rc1 b6 12. e3 Rb8 13. Qc2 Ne7 14. f4 Bxc3+ 15.
Qxc3 Nf5 16. Bxf6 Qxf6 17. cxb6 axb6 18. e4 Qxc3+ 19. Rxc3 Nd6 20. Bd3 f6 21. e5
fxe5 22. fxe5 Nf7 23. Bg6 O-O 24. Rf1 Bb7 25. Bxf7+ Rxf7 26. Rxf7 Kxf7 27. Rc7
Ke7 28. g3 Kd8 29. Rc3 Ra8 30. Rd3 Kc7 31. Rc3+ Kd8 32. Rd3 Be4 33. Rd4 Bd5 34.
Rb4 Kc7 35. Nd4 Rf8 36. Ke2 Kb7 37. a4 Ka6 38. b3 Bg2 39. Nb5 Rf5 40. Rd4 Rxe5+
41. Kf2 Bc6 42. Nc3 Rf5+ 43. Ke2 Kb7 44. b4 Kc7 45. h4 g5 46. hxg5 hxg5 47. b5
Bb7 48. Rc4+ Kd8 49. Rd4 Kc7 50. Rc4+ Kd8 51. Rd4 Bg2 52. Nb1 d5 53. Nd2 e5 54.
Rb4 Kc7 55. Rb1 Rf6 56. Rc1+ Kd7 57. Rg1 Bh3 58. Rh1 Bg4+ 59. Ke3 Kd6 60. Rh8
Bf5 61. Rd8+ Kc5 62. Re8 Re6 63. Rf8 Bg4 64. Rd8 Bf5 65. Rf8 Bg6 66. g4 Kb4 67.
Nf3 Kxa4 68. Nxg5 Rd6 69. Nf3 d4+ 70. Kf2 e4 71. Nxd4 Rxd4 72. Rf6 Be8 73. Ke3
Rc4 74. Rxb6 Bxb5 75. g5 Rc5 76. Kxe4 Rxg5 77. Re6 Kb4 78. Re5 Rg1 79. Kf5 Bc4
80. Kf6 Kc3 81. Rh5 Kd4 82. Rg5 Re1 83. Rf5 Re6+ 84. Kg5 Bd3 85. Rf6 Re5+ 86.
Kf4 Be4 87. Rd6+ Bd5 88. Ra6 Re1 89. Ra4+ Bc4 90. Kf5 Rf1+ 91. Kg5 Kd5 92. Kg4
Bd3 93. Ra5+ Ke6 94. Ra3 Be4 95. Ra6+ Ke5 96. Ra5+ Bd5 97. Kg3 Rf3+ 98. Kg4 Rf2
99. Kg5 Rg2+ 100. Kh6 Ke6 101. Kh5 Rg8 102. Kh6 Kf6 103. Kh5 Be6 104. Kh4 Rg4+
105. Kh5 Rf4 106. Ra6 Rb4 107. Rd6 Rb8 0-1

[Event "Isle of Man Open"]
[Site "Douglas"]
[Date "23.10.2018"]
[Round "4.21"]
[White "Jones, Gawain C B"]
[Black "Gukesh, D"]
[Result "1-0"]
[WhiteTitle "GM"]
[BlackTitle "IM"]
[WhiteElo "2677"]
[BlackElo "2456"]
[WhiteFideId "409561"]
[BlackFideId "46616543"]
[EventDate "2018.10.20"]

1. d4 d5 2. c4 c6 3. cxd5 cxd5 4. Bg5 h6 5. Bh4 Qb6 6. Nc3 Qxb2 7. Nxd5 e6 8.
Rb1 Qa3 9. Qc2 Na6 10. e4 Bd6 11. Bb5+ Kf8 12. Nc3 Nb4 13. Qd2 a6 14. Be2 g5 15.
Bg3 Bxg3 16. hxg3 Nc6 17. Nf3 Qd6 18. d5 exd5 19. Nxd5 Nge7 20. Nxg5 Qg6 21. Nb6
Rb8 22. Rh4 Qg7 23. Nxf7 Kxf7 24. Rf4+ Ke8 25. Bh5+ Ng6 26. Qd6 Rg8 27. Bxg6+
Qxg6 28. Rf8+ 1-0

[Event "Isle of Man Open"]
[Site "Douglas"]
[Date "23.10.2018"]
[Round "4.22"]
[White "Darini, Pouria"]
[Black "Sethuraman, S.P."]
[Result "0-1"]
[WhiteTitle "GM"]
[BlackTitle "GM"]
[WhiteElo "2475"]
[BlackElo "2673"]
[WhiteFideId "12502200"]
[BlackFideId "5021596"]
[EventDate "2018.10.20"]

1. d4 d5 2. Bf4 Nf6 3. e3 b6 4. Nd2 Bb7 5. Bd3 g6 6. Ngf3 Bg7 7. h4 Nbd7 8. Ne5
Nxe5 9. Bxe5 h5 10. Qe2 c5 11. c3 c4 12. Bc2 b5 13. f3 Qb6 14. a4 a6 15. Kf2 Bc6
16. b4 a5 17. axb5 Bxb5 18. Ra2 Ra6 19. bxa5 Rxa5 20. Rha1 Rxa2 21. Rxa2 O-O 22.
Qd1 Nd7 23. Bxg7 Kxg7 24. f4 Nf6 25. Qb1 Ng4+ 26. Ke2 Qe6 27. Nf1 Bd7 28. Qb7
Bc6 29. Qb1 Nf6 30. f5 Qd7 31. Qb6 Qd6 32. Ra6 Rc8 33. Qb1 Qd7 34. Qb6 Qd6 35.
Qb1 Rb8 36. Qa1 Qd7 37. Ng3 Qc7 38. Nf1 Rb7 39. Kf2 Bd7 40. fxg6 fxg6 41. Kg1
Bg4 42. e4 dxe4 43. Qc1 Rb6 44. Rxb6 Qxb6 45. Qg5 Kf7 46. Ne3 Be6 47. Qg3 Qa5
48. Qe1 Kg7 49. Qg3 Qa1+ 50. Kh2 Kf7 51. d5 Bxd5 52. Qf4 Be6 53. Bxe4 Qxc3 54.
Nd5 Qa5 55. Nc7 Qb6 56. g3 Qd6 57. Nxe6 Qxe6 58. Bf3 c3 0-1

[Event "Isle of Man Open"]
[Site "Douglas"]
[Date "23.10.2018"]
[Round "4.23"]
[White "Melkumyan, Hrant"]
[Black "Kashlinskaya, Alina"]
[Result "1-0"]
[WhiteTitle "GM"]
[BlackTitle "IM"]
[WhiteElo "2660"]
[BlackElo "2447"]
[WhiteFideId "13302485"]
[BlackFideId "4198026"]
[EventDate "2018.10.20"]

1. d4 Nf6 2. c4 e6 3. Nf3 d5 4. Nc3 Bb4 5. g3 dxc4 6. Bg2 O-O 7. O-O Nc6 8. Qa4
Nd5 9. Qc2 Be7 10. Rd1 Ncb4 11. Qb1 c5 12. Bd2 cxd4 13. Nxd4 Qb6 14. Nc2 Rd8 15.
Nxb4 Nxb4 16. Qe4 Bd7 17. Qxc4 Rac8 18. Qb3 Bc6 19. Be3 Qa6 20. a3 Rxd1+ 21.
Rxd1 Bxg2 22. Kxg2 Nc6 23. Rd7 Na5 24. Qb5 Bf8 25. Qxa6 bxa6 26. Rxa7 Nc4 27.
Nd1 Rd8 28. Rc7 Nxe3+ 29. Nxe3 Rd2 30. Rc2 Rd8 31. b4 g5 32. Kf3 a5 33. bxa5
Bxa3 34. a6 Ra8 35. Rc6 Bb2 36. Nc4 Bf6 37. Nd6 Kf8 38. Rc8+ 1-0

[Event "Isle of Man Open"]
[Site "Douglas"]
[Date "23.10.2018"]
[Round "4.25"]
[White "Seul, Georg"]
[Black "Sutovsky, Emil"]
[Result "1/2-1/2"]
[WhiteTitle "IM"]
[BlackTitle "GM"]
[WhiteElo "2402"]
[BlackElo "2633"]
[WhiteFideId "4601653"]
[BlackFideId "2802007"]
[EventDate "2018.10.20"]

1. e4 c5 2. Nf3 d6 3. Bb5+ Nd7 4. O-O a6 5. Bd3 Ngf6 6. Re1 e6 7. c3 b5 8. Bc2
c4 9. b4 Bb7 10. a4 Be7 11. axb5 axb5 12. Rxa8 Qxa8 13. Qe2 O-O 14. Na3 e5 15.
Nxb5 Qa2 16. d3 d5 17. dxc4 dxe4 18. Ng5 Ra8 19. f3 exf3 20. Nxf3 e4 21. Nfd4
Ne5 22. Nf5 Bf8 23. Nfd6 Bc6 24. Bg5 Nd3 25. Rf1 Bxb5 26. Bxf6 Bc6 27. Nxe4 Bxe4
28. Qxe4 Qxc2 29. Qxa8 gxf6 30. Qf3 Bh6 31. Qg3+ Kf8 32. Qd6+ Ke8 33. Qc6+ Kf8
34. Qd6+ Ke8 35. Qb8+ Ke7 36. Qa7+ Kf8 37. Qb8+ Ke7 38. Qc7+ 1/2-1/2

[Event "Isle of Man Open"]
[Site "Douglas"]
[Date "23.10.2018"]
[Round "4.26"]
[White "Tari, Aryan"]
[Black "Sadhwani, Raunak"]
[Result "1/2-1/2"]
[WhiteTitle "GM"]
[BlackTitle "IM"]
[WhiteElo "2618"]
[BlackElo "2438"]
[WhiteFideId "1510045"]
[BlackFideId "35093487"]
[EventDate "2018.10.20"]

1. e4 c6 2. d4 d5 3. e5 Bf5 4. h4 h6 5. g4 Be4 6. f3 Bh7 7. e6 Qd6 8. exf7+ Kxf7
9. Bd3 e5 10. dxe5 Qxe5+ 11. Ne2 Nd7 12. Nc3 Re8 13. Kf2 Bd6 14. Bxh7 Rxh7 15.
Qd3 Ngf6 16. Bf4 Qe7 17. g5 hxg5 18. hxg5 Rxh1 19. Rxh1 Bxf4 20. Nxf4 Ne5 21.
Qf5 Qd7 22. g6+ Kg8 23. Qg5 Qd6 24. Kg2 Nc4 25. Nd1 Qb4 26. c3 Ne3+ 27. Kg3 Qe7
28. Kh3 Nxd1 29. Rxd1 Qe3 30. Qg3 Re5 31. Ng2 Rh5+ 32. Nh4 Qe6+ 33. Kg2 Re5 34.
Rd2 Qe7 35. Kf1 Nh5 36. Qg4 Qe8 37. Ng2 Qe6 38. Qxe6+ Rxe6 39. c4 Nf6 40. Nf4
Re5 41. cxd5 Nxd5 42. Kf2 Kf8 43. Nd3 Re7 44. Rc2 Ke8 45. Rc4 Kd7 46. Nf4 Re5
47. Nd3 Re7 48. Nf4 Nf6 49. Rd4+ Kc7 50. Ne2 Nd5 51. Nf4 Nf6 52. Ne2 a5 53. Ng3
Rd7 54. Rf4 Kd8 1/2-1/2

[Event "Isle of Man Open"]
[Site "Douglas"]
[Date "23.10.2018"]
[Round "4.27"]
[White "Guramishvili, Sopiko"]
[Black "Donchenko, Alexander"]
[Result "0-1"]
[WhiteTitle "IM"]
[BlackTitle "GM"]
[WhiteElo "2378"]
[BlackElo "2610"]
[WhiteFideId "13602888"]
[BlackFideId "24603295"]
[EventDate "2018.10.20"]

1. e4 c5 2. Nf3 d6 3. d4 cxd4 4. Nxd4 Nf6 5. Nc3 a6 6. Be3 e5 7. Nf3 Be7 8. Bc4
O-O 9. O-O Be6 10. Bxe6 fxe6 11. Na4 Ng4 12. c4 Nxe3 13. fxe3 b5 14. cxb5 axb5
15. Nc3 b4 16. Nd5 Na6 17. Nxe7+ Qxe7 18. a3 Nc5 19. axb4 Rxa1 20. Qxa1 Nxe4 21.
Rc1 Qb7 22. Qa2 Qd5 23. Qxd5 exd5 24. Ne1 Rb8 25. Nd3 Rb7 26. Kf1 Kf7 27. Ke2
Nf6 28. Kd2 g5 29. b3 d4 30. exd4 e4 31. Nb2 Rxb4 32. Nc4 Rxb3 33. Kc2 Rb4 34.
Nxd6+ Ke6 35. Rf1 Rxd4 36. Nf5 Rd7 37. Kc3 Ke5 38. Kc2 Nd5 39. g4 Ra7 40. Kb3
Rc7 41. Ng3 Rb7+ 42. Ka2 Nc3+ 43. Ka3 Kd4 0-1

[Event "Isle of Man Open"]
[Site "Douglas"]
[Date "23.10.2018"]
[Round "4.28"]
[White "Jumabayev, Rinat"]
[Black "Heinemann, Josefine"]
[Result "1-0"]
[WhiteTitle "GM"]
[BlackTitle "WIM"]
[WhiteElo "2605"]
[BlackElo "2308"]
[WhiteFideId "13702661"]
[BlackFideId "12900460"]
[EventDate "2018.10.20"]

1. Nf3 Nf6 2. e3 g6 3. d4 Bg7 4. c4 O-O 5. Be2 d5 6. cxd5 Nxd5 7. e4 Nb6 8. Nc3
Bg4 9. Be3 f5 10. Qb3+ Kh8 11. Ng5 Bxe2 12. Nxe2 Nc6 13. Ne6 Qd7 14. Nxf8 Rxf8
15. exf5 gxf5 16. f3 Na5 17. Qc2 Nac4 18. Bf2 f4 19. O-O c6 20. Rfe1 Nd6 21.
Rad1 Nd5 22. Nc3 Ne3 23. Bxe3 fxe3 24. Rxe3 Nf5 25. Re4 Nxd4 26. Qa4 e5 27. Qxa7
Qf7 28. Ne2 Ne6 29. Qe3 Rg8 30. Rxe5 Bxe5 31. Qxe5+ Ng7 32. Nc3 Re8 33. Qd4 h5
34. a3 Re6 35. Ne4 Qf4 36. Qd2 Qe5 37. Qc3 Qf4 38. Rd8+ Kh7 39. Qd2 1-0

[Event "Isle of Man Open"]
[Site "Douglas"]
[Date "23.10.2018"]
[Round "4.29"]
[White "Karavade, Eesha"]
[Black "Fridman, Daniel"]
[Result "1/2-1/2"]
[WhiteTitle "IM"]
[BlackTitle "GM"]
[WhiteElo "2374"]
[BlackElo "2600"]
[WhiteFideId "5012600"]
[BlackFideId "11600454"]
[EventDate "2018.10.20"]

1. d4 Nf6 2. c4 e6 3. Nf3 d5 4. g3 Bb4+ 5. Bd2 Be7 6. Bg2 O-O 7. O-O Nbd7 8. Qc2
Ne4 9. Be3 Nd6 10. Nbd2 Nf5 11. Qd3 c6 12. Rac1 Nxe3 13. Qxe3 Bd6 14. Ne1 Nf6
15. Qb3 Bc7 16. Nd3 Ne4 17. Rfd1 Nxd2 18. Rxd2 Bd6 19. Rdd1 Be7 20. Ne5 Qb6 21.
Rd3 f6 22. Nf3 Qxb3 23. axb3 Bd7 24. Nd2 Be8 25. e4 Bg6 26. Re3 Bb4 27. Nb1 e5
28. dxe5 d4 29. Rd3 fxe5 30. Na3 a5 31. c5 Rfe8 32. Kf1 a4 33. Ke2 Ra5 34. bxa4
Rxa4 35. f4 Bxa3 36. Rxa3 Rb4 37. b3 exf4 38. Kd3 fxg3 39. hxg3 Bf7 40. Rb1 Rd8
41. Ra4 Bc4+ 42. Kd2 Rxa4 43. bxa4 Rf8 44. Ke1 Ba6 45. Rb4 d3 46. Rd4 Re8 47.
Kd2 Re5 48. Bf1 Rxc5 49. Bxd3 Rg5 50. Bxa6 bxa6 51. Rd3 Rc5 52. Rd7 Ra5 53. Rd4
Rg5 54. Rd3 Kf7 55. Rc3 c5 56. Ke2 c4 57. Kf3 Rc5 58. Ke3 Ke6 59. Kd4 Kd6 60.
Rxc4 Rxc4+ 61. Kxc4 a5 62. Kd4 h5 63. Ke3 g5 64. Kd4 Ke6 65. Ke3 Kd7 66. Kd4 Kd6
67. Ke3 Kc5 68. Kd3 Kb4 69. e5 Kc5 70. Ke4 h4 71. gxh4 gxh4 72. Kf4 Kd5 73. Kg4
Kxe5 74. Kxh4 Kd4 75. Kg3 Kc3 76. Kf2 Kb3 77. Ke2 Kxa4 78. Kd2 Kb3 79. Kc1 1/2-1/2

[Event "Isle of Man Open"]
[Site "Douglas"]
[Date "23.10.2018"]
[Round "4.30"]
[White "Serarols Mabras, Bernat"]
[Black "Svane, Rasmus"]
[Result "0-1"]
[WhiteTitle "FM"]
[BlackTitle "GM"]
[WhiteElo "2367"]
[BlackElo "2595"]
[WhiteFideId "2238276"]
[BlackFideId "4657101"]
[EventDate "2018.10.20"]

1. d4 e6 2. c4 b6 3. e4 Bb4+ 4. Bd2 Bxd2+ 5. Qxd2 d5 6. cxd5 exd5 7. e5 Ne7 8.
Nc3 O-O 9. Nf3 c5 10. Be2 Nbc6 11. dxc5 bxc5 12. b3 Be6 13. O-O c4 14. bxc4 dxc4
15. Rfd1 Qxd2 16. Rxd2 Ng6 17. Nb5 Rab8 18. Nc7 Bg4 19. Bxc4 Bxf3 20. gxf3 Ncxe5
21. Be2 Nf4 22. Kf1 Rb6 23. Nd5 Nxd5 24. Rxd5 Ng6 25. Bc4 Nh4 26. Rd3 g6 27. Re1
Rf6 28. Bd5 Kg7 29. Ra3 Rd8 30. Be4 a6 31. Rc1 Rdd6 32. h3 Rb6 33. Rc7 Rb2 34.
Rc6 Rf4 35. Rc2 Rb1+ 36. Ke2 Rh1 37. Rxa6 Rxh3 38. Rc3 Rxe4+ 0-1

[Event "Isle of Man Open"]
[Site "Douglas"]
[Date "23.10.2018"]
[Round "4.31"]
[White "Ravi, Teja S."]
[Black "Antipov, Mikhail Al."]
[Result "0-1"]
[WhiteTitle "IM"]
[BlackTitle "GM"]
[WhiteElo "2357"]
[BlackElo "2593"]
[WhiteFideId "5017220"]
[BlackFideId "4107012"]
[EventDate "2018.10.20"]

1. d4 Nf6 2. Nf3 c6 3. c4 d5 4. e3 Bg4 5. Nc3 e6 6. h3 Bf5 7. Bd3 Bg6 8. Ne5
Bxd3 9. Qxd3 Nbd7 10. Nf3 Bb4 11. O-O O-O 12. Bd2 Ba5 13. Rfd1 a6 14. Be1 Rc8
15. Rac1 h6 16. Kf1 Bxc3 17. Bxc3 Ne4 18. Bb4 Re8 19. Nd2 f5 20. Kg1 a5 21. Bc3
Rf8 22. f3 Nd6 23. a4 dxc4 24. Nxc4 Nxc4 25. Qxc4 Re8 26. Re1 Nf6 27. Qb3 Qc7
28. e4 fxe4 29. fxe4 Qg3 30. Qd1 Rf8 31. Bxa5 Nxe4 32. Qe2 Ng5 33. Rc3 Nxh3+ 34.
Kh1 Nf2+ 35. Kg1 Qh4 0-1

[Event "Isle of Man Open"]
[Site "Douglas"]
[Date "23.10.2018"]
[Round "4.32"]
[White "Gavilan Diaz, Mario"]
[Black "Nihal, Sarin"]
[Result "0-1"]
[WhiteTitle "FM"]
[BlackTitle "IM"]
[WhiteElo "2334"]
[BlackElo "2572"]
[WhiteFideId "2260905"]
[BlackFideId "25092340"]
[EventDate "2018.10.20"]

1. e4 c5 2. Nf3 e6 3. d4 cxd4 4. Nxd4 Nc6 5. Nc3 Qc7 6. Be3 a6 7. Qd2 Nf6 8.
O-O-O Be7 9. f3 b5 10. g4 Nxd4 11. Bxd4 Bb7 12. g5 Nh5 13. Kb1 O-O 14. Bd3 e5
15. Be3 Bc5 16. Ne2 Rfd8 17. Qc3 Rac8 18. Bxc5 Qxc5 19. Qxc5 Rxc5 20. c3 Kf8 21.
Bc2 g6 22. Rd6 Rc6 23. Rd2 Ke7 24. Rhd1 d6 25. Bb3 Bc8 26. Ng3 Nf4 27. Nf1 Be6
28. Ne3 Rh8 29. Bd5 Bxd5 30. Nxd5+ Nxd5 31. Rxd5 h6 32. gxh6 Rxh6 33. R1d2 Ke6
34. Kc2 Rh3 35. R5d3 b4 36. Kd1 bxc3 37. bxc3 f5 38. Kc2 Rh4 39. Rg2 Kf6 40.
Rgd2 Kg5 41. Rg2+ Kf4 42. Rxg6 Rxh2+ 43. Kb3 Rb6+ 44. Ka3 fxe4 45. fxe4 Rc2 46.
Rgxd6 Rxc3+ 47. Rxc3 Rxd6 48. Rc4 Rd4 49. Rc6 Kxe4 50. Rxa6 Kd3 51. Kb2 Kd2 52.
Rh6 e4 53. Rh2+ Kd3 54. Kc1 e3 55. Kd1 Rg4 56. Rh1 Rb4 57. Kc1 Rc4+ 58. Kb2 e2
59. Kb3 Re4 0-1

[Event "Isle of Man Open"]
[Site "Douglas"]
[Date "23.10.2018"]
[Round "4.33"]
[White "Wagner, Dennis"]
[Black "House, Glenn L"]
[Result "1-0"]
[WhiteTitle "GM"]
[BlackTitle "FM"]
[WhiteElo "2572"]
[BlackElo "2180"]
[WhiteFideId "24650684"]
[BlackFideId "406228"]
[EventDate "2018.10.20"]

1. d4 Nf6 2. c4 e6 3. Nf3 Bb4+ 4. Nbd2 O-O 5. a3 Bxd2+ 6. Qxd2 b6 7. e3 Bb7 8.
Be2 d6 9. O-O Nbd7 10. b4 Qe7 11. Bb2 Rfd8 12. Qc2 c5 13. Nd2 Rac8 14. Rfe1 h6
15. Bc3 Re8 16. Bd3 Rc7 17. a4 e5 18. bxc5 bxc5 19. d5 e4 20. Bf1 Nh7 21. Nxe4
Qxe4 22. Bd3 Qe7 23. Bxh7+ Kh8 24. Bd3 Ba6 25. f4 Rb7 26. e4 f6 27. Rab1 Reb8
28. Rxb7 Rxb7 29. a5 Rb8 30. Qa4 Rc8 31. Bb1 Kg8 32. Qc2 Nf8 33. e5 fxe5 34.
fxe5 Bxc4 35. Qe4 Ba6 36. e6 Bb5 37. Re3 Rc7 38. Rg3 g5 39. h4 Qh7 40. Qe1 Qe7
41. hxg5 1-0

[Event "Isle of Man Open"]
[Site "Douglas"]
[Date "23.10.2018"]
[Round "4.34"]
[White "Krishna, C R G"]
[Black "Nabaty, Tamir"]
[Result "1-0"]
[WhiteTitle "IM"]
[BlackTitle "GM"]
[WhiteElo "2445"]
[BlackElo "2692"]
[WhiteFideId "5018625"]
[BlackFideId "2809052"]
[EventDate "2018.10.20"]

1. d4 d5 2. c4 e6 3. Nf3 dxc4 4. e3 a6 5. Bxc4 b5 6. Bb3 Bb7 7. O-O Nf6 8. a4 b4
9. Nbd2 Nbd7 10. e4 Be7 11. e5 Nd5 12. Ne4 O-O 13. Bc2 c5 14. Qd3 b3 15. Qxb3
Nb4 16. dxc5 a5 17. Be3 Qc7 18. Rac1 Bd5 19. Qc3 Na2 20. Qd3 Nxc1 21. Rxc1 g6
22. Qd4 Rab8 23. Nd6 Rb4 24. Qc3 f6 25. Nb5 Qb7 26. Bd1 Rc4 27. Qxc4 Bxc4 28.
Rxc4 Nb8 29. Bb3 Nc6 30. Rc3 fxe5 31. Bxe6+ Kg7 32. h3 Rd8 33. Bb3 h6 34. Bc2
Rd5 35. Be4 Qd7 36. Bxd5 Qxd5 37. b3 Bf6 38. Nd2 Bg5 39. Nf1 Qd1 40. Bxg5 hxg5
41. g3 g4 42. hxg4 e4 43. Kg2 Ne5 44. c6 Nd3 45. Rxd3 exd3 46. c7 Qc2 47. Nd6
Qc6+ 48. Kg1 d2 49. Nxd2 Qxd6 50. c8=Q Qxd2 51. Qc7+ Kg8 52. Qc4+ Kg7 53. Kg2 g5
54. Kf3 Qd1+ 55. Ke3 Qe1+ 56. Qe2 Qb4 57. Qd3 Qe1+ 58. Kf3 Kh6 59. Qd6+ Kg7 60.
Qd4+ Kh6 61. Qf6+ Kh7 62. Qf7+ 1-0

[Event "Isle of Man Open"]
[Site "Douglas"]
[Date "23.10.2018"]
[Round "4.35"]
[White "Deac, Bogdan-Daniel"]
[Black "Bellaiche, Anthony"]
[Result "1-0"]
[WhiteTitle "GM"]
[BlackTitle "IM"]
[WhiteElo "2594"]
[BlackElo "2453"]
[WhiteFideId "1226380"]
[BlackFideId "615668"]
[EventDate "2018.10.20"]

1. e4 c5 2. Nf3 e6 3. d4 cxd4 4. Nxd4 Nc6 5. Nc3 Qc7 6. Be3 a6 7. Qf3 Ne5 8. Qg3
b5 9. O-O-O Nf6 10. a3 Bb7 11. Bxb5 Rc8 12. Ba4 Nxe4 13. Nxe4 Bxe4 14. Bf4 Qa5
15. Bxe5 Qxa4 16. Rd2 h5 17. h4 Rh6 18. Qe3 Bxg2 19. Rg1 Rg6 20. f3 Bh3 21. Rxg6
fxg6 22. Qg5 Kf7 23. Qf4+ Kg8 24. Nxe6 Qxf4 25. Nxf4 Bf5 26. Nd5 g5 27. hxg5 h4
28. Ne3 Be6 29. Rh2 h3 30. Kd2 Bc5 31. Ng4 Re8 32. Bc7 Be7 33. Rxh3 Bxg5+ 34.
Kd1 Rf8 35. Rh5 Be7 36. Ne5 Bf5 37. c3 g6 38. Rh2 Bc5 39. Ng4 Bxg4 40. fxg4 Rf1+
41. Ke2 Rg1 42. Kf3 Rf1+ 43. Ke4 Kf7 44. Kd5 Be7 45. Be5 g5 46. Bd4 Re1 47. Rh7+
Kg6 48. Rg7+ Kh6 49. Rg8 Re6 50. Rb8 Kh7 51. Rb6 Re2 52. Rb7 1-0

[Event "Isle of Man Open"]
[Site "Douglas"]
[Date "23.10.2018"]
[Round "4.36"]
[White "Huschenbeth, Niclas"]
[Black "Sundararajan, Kidambi"]
[Result "1/2-1/2"]
[WhiteTitle "GM"]
[BlackTitle "GM"]
[WhiteElo "2589"]
[BlackElo "2445"]
[WhiteFideId "24604747"]
[BlackFideId "5005370"]
[EventDate "2018.10.20"]

1. e4 e5 2. Nf3 Nc6 3. Bb5 a6 4. Ba4 Nf6 5. O-O Be7 6. Re1 b5 7. Bb3 d6 8. c3
O-O 9. d4 Bg4 10. Be3 Bh5 11. Nbd2 Na5 12. dxe5 dxe5 13. h3 Nxb3 14. Qxb3 Bd6
15. Nh4 Nd7 16. Nf5 Re8 17. Nf1 Nc5 18. Qc2 Bf8 19. N1g3 Bg6 20. Red1 Qf6 21. c4
Ne6 22. cxb5 axb5 23. Qc6 Nc5 24. Qxf6 gxf6 25. Bxc5 Bxc5 26. Rd5 Bb6 27. a3 c6
28. Rd6 Re6 29. Rd7 Bc5 30. Kf1 Bf8 31. Ke2 c5 32. Ne3 c4 33. Rad1 h5 34. Ngf5
c3 35. bxc3 Bxa3 36. Rd8+ Rxd8 37. Rxd8+ Kh7 38. Rb8 Rc6 39. Nd5 Bxf5 40. exf5
Kh6 41. h4 Bb2 42. Kd3 Rc5 43. Nxf6 Rxc3+ 44. Kd2 Rc6 45. Ne4 Rc4 46. f3 b4 47.
g3 Kg7 48. Rb7 Bc1+ 49. Ke2 Rd4 50. Rb6 Ba3 51. Nf6 Kf8 52. Nxh5 e4 53. fxe4
Rxe4+ 54. Kd3 Rg4 55. Rb7 Bb2 56. Ke2 Be5 57. Rb5 f6 58. Kf3 Rc4 59. Rb7 Rc3+
60. Kg4 Rc4+ 61. Kh3 Rd4 62. Kg2 Rc4 63. Kf3 Rc3+ 64. Kg4 Rc4+ 65. Nf4 Bxf4 66.
gxf4 Kg8 67. Kh5 Rxf4 68. Kg6 Rg4+ 69. Kxf6 Rxh4 70. Rb8+ Kh7 71. Ke7 Rc4 72.
Rb7 Rc8 73. Rxb4 Rc7+ 74. Kf6 Rc6+ 75. Ke7 Rc7+ 76. Kd6 Ra7 77. Re4 Kg8 78. Ke6
Kf8 79. Kf6 Rf7+ 80. Kg6 Rg7+ 81. Kf6 Rf7+ 82. Kg5 Rg7+ 83. Kf4 Ra7 84. Re6 Kf7
85. Kg5 Ra1 86. Rf6+ Kg7 87. Rg6+ Kf7 88. Rb6 Rg1+ 89. Kf4 1/2-1/2

[Event "Isle of Man Open"]
[Site "Douglas"]
[Date "23.10.2018"]
[Round "4.37"]
[White "Soumya, Swaminathan"]
[Black "Hess, Robert"]
[Result "1/2-1/2"]
[WhiteTitle "WGM"]
[BlackTitle "GM"]
[WhiteElo "2423"]
[BlackElo "2574"]
[WhiteFideId "5016193"]
[BlackFideId "2022036"]
[EventDate "2018.10.20"]

1. e4 c5 2. Nf3 Nf6 3. e5 Nd5 4. c3 e6 5. d4 cxd4 6. cxd4 d6 7. Bc4 Be7 8. O-O
O-O 9. Qe2 b6 10. Nc3 Nxc3 11. bxc3 Bb7 12. Bf4 Nc6 13. exd6 Bxd6 14. Bxd6 Qxd6
15. Bd3 Na5 16. Ne5 Rac8 17. Rac1 Rc7 18. Qc2 g6 19. Rfe1 Nc6 20. Qd2 Nxe5 21.
Rxe5 Bd5 22. Re3 b5 23. h4 Rfc8 24. Bxb5 Bxg2 25. Kxg2 Qd5+ 26. Kh2 Qxb5 27. Re5
Qb7 28. h5 Qf3 29. Qe3 Qf6 30. Qg3 Rc4 31. Re3 Qd8 32. Re5 Qd6 33. Re3 Qf8 34.
hxg6 hxg6 35. Kg2 Qd8 36. Rh1 Qd5+ 37. f3 Ra4 38. Qh4 Rxa2+ 39. Kg3 Qh5 40. Qxh5
gxh5 41. Rxh5 Ra3 42. d5 exd5 43. Rxd5 Rcxc3 44. Rxc3 Rxc3 45. Ra5 Rc7 46. Kf4
Kg7 47. Kf5 Rb7 1/2-1/2

[Event "Isle of Man Open"]
[Site "Douglas"]
[Date "23.10.2018"]
[Round "4.38"]
[White "Kosteniuk, Alexandra"]
[Black "Munguntuul, Batkhuyag"]
[Result "1-0"]
[WhiteTitle "GM"]
[BlackTitle "IM"]
[WhiteElo "2551"]
[BlackElo "2422"]
[WhiteFideId "4128125"]
[BlackFideId "4900758"]
[EventDate "2018.10.20"]

1. e4 c5 2. Nf3 e6 3. d4 cxd4 4. Nxd4 Nc6 5. Nc3 Qc7 6. Be3 a6 7. Be2 Nf6 8. O-O
Be7 9. f4 d6 10. Qe1 O-O 11. Qg3 Nxd4 12. Bxd4 b5 13. a3 Bb7 14. Bf3 Rad8 15.
Rad1 Rd7 16. Rd3 a5 17. Kh1 b4 18. axb4 axb4 19. e5 dxe5 20. Bxe5 Qc8 21. Ne4
Bxe4 22. Bxe4 g6 23. Rxd7 Nxd7 24. Bd4 Qc4 25. Qd3 Qxd3 26. Bxd3 Rd8 27. Rd1 Nc5
28. Be2 Ne4 29. g3 Bc5 30. Bxc5 Rxd1+ 31. Bxd1 Nxc5 32. Kg1 f6 33. Kf2 Na4 34.
Bg4 Kf7 35. Ke3 e5 36. fxe5 fxe5 37. Ke4 Kf6 38. Kd5 Nxb2 39. Kc5 b3 40. cxb3
Nd3+ 41. Kc4 e4 42. Kd4 Nc1 43. b4 h5 44. Bd1 e3 45. Kxe3 Na2 46. b5 Nc3 47. Be2
Ke5 48. Bc4 Na4 49. Bf7 Kf5 50. Kd4 h4 51. gxh4 Kg4 52. Bb3 Nb6 53. Kc5 Nd7+ 54.
Kd6 Nf6 55. b6 Ne4+ 56. Kc6 1-0

[Event "Isle of Man Open"]
[Site "Douglas"]
[Date "23.10.2018"]
[Round "4.39"]
[White "Puranik, Abhimanyu"]
[Black "Arjun, Kalyan"]
[Result "1/2-1/2"]
[WhiteTitle "GM"]
[WhiteElo "2547"]
[BlackElo "2408"]
[WhiteFideId "5061245"]
[BlackFideId "35018701"]
[EventDate "2018.10.20"]

1. e4 e5 2. Nf3 Nc6 3. Bb5 a6 4. Ba4 Nf6 5. O-O Be7 6. Re1 b5 7. Bb3 d6 8. c3
O-O 9. d4 Bg4 10. Be3 exd4 11. cxd4 d5 12. e5 Ne4 13. h3 Bh5 14. Nbd2 Qd7 15. a3
a5 16. Qb1 Nxd2 17. Nxd2 a4 18. Bc2 Bg6 19. Rc1 Na5 20. f4 Bxc2 21. Qxc2 Nc4 22.
Nxc4 bxc4 23. f5 Rab8 24. f6 gxf6 25. Bh6 fxe5 26. Bxf8 Bxf8 27. dxe5 Bc5+ 28.
Kh1 Qe6 29. Rf1 Qxe5 30. Rae1 Rxb2 31. Qd1 Qg5 32. Qf3 f6 33. Re6 Rb3 34. Qd1
Rb2 35. Qf3 Rb3 36. Qe2 Re3 37. Rxe3 Bxe3 38. Rf3 Bc5 39. Qe6+ Kg7 40. h4 Qe5
41. Qg4+ Kh6 42. Rf5 Qe1+ 43. Kh2 Qg1+ 44. Kh3 Qh1+ 45. Kg3 Qe1+ 46. Kh2 Qg1+
47. Kh3 1/2-1/2

[Event "Isle of Man Open"]
[Site "Douglas"]
[Date "23.10.2018"]
[Round "4.40"]
[White "Raja, Harshit"]
[Black "Mekhitarian, Krikor Sevag"]
[Result "0-1"]
[WhiteTitle "IM"]
[BlackTitle "GM"]
[WhiteElo "2420"]
[BlackElo "2546"]
[WhiteFideId "5089000"]
[BlackFideId "2107660"]
[EventDate "2018.10.20"]

1. e4 c6 2. Nf3 d5 3. Nc3 dxe4 4. Nxe4 Nf6 5. Qe2 Nxe4 6. Qxe4 Qd5 7. Qf4 Qf5 8.
d3 f6 9. Qe3 Qe6 10. d4 a5 11. a3 Na6 12. Bd3 Qxe3+ 13. Bxe3 e6 14. h4 b5 15.
Bf4 Kd7 16. Nd2 Nc7 17. Ne4 Nd5 18. Bd2 a4 19. h5 h6 20. Rh3 Kc7 21. Rg3 f5 22.
Nc3 Nf6 23. Bf4+ Kb6 24. Be2 Bd7 25. Kf1 Be8 26. Rh3 Be7 27. Re1 Bf7 28. Be5
Rad8 29. Rb1 Bd6 30. b3 axb3 31. Rxb3 Bxe5 32. dxe5 Nd5 33. a4 Nf4 34. Rh1 Rd2
35. g3 Nxe2 36. Nxe2 Ra8 37. Rh4 Rxc2 38. Nc3 Be8 39. Rhb4 c5 40. Rxb5+ Bxb5+ 0-1